Náklady na provoz zemědělských strojů : traktory a samojízdné stroje /

Hlavní autor: Abrham, Zdeněk
Jazyk: Čeština
Vydáno: Praha : Institut výchovy a vzdělávání Ministerstva zemědělství ČR, 1996
Vydání: Vyd. 1.
Edice: Mechanizace (modrá ř.)
Témata:
Fyzický popis: 42 s. ; 20 cm
Knihy
Uloženo v:
LEADER 01041nam a2200277 a 4500
001 000068117
003 CZ BrMZK
005 20230904115429.0
008 950313s1996 xr f f cze d
020 |a 80-7105-116-0 
040 |a BOA001  |b cze 
072 7 |a 63  |x Zemědělství a příbuzné oblasti vědy a techniky  |2 Konspekt  |9 24 
080 |a 631.3  |2 MRF 
080 |a (072)  |2 MRF 
100 1 |a Abrham, Zdeněk  |7 mzk2003171442  |4 aut 
245 1 0 |a Náklady na provoz zemědělských strojů :  |b traktory a samojízdné stroje /  |c Zdeněk Abrham...[et al.] 
250 |a Vyd. 1. 
260 |a Praha :  |b Institut výchovy a vzdělávání Ministerstva zemědělství ČR,  |c 1996 
300 |a 42 s. ;  |c 20 cm 
490 1 |a Mechanizace (modrá ř.) 
650 0 7 |a zemědělské stroje  |7 ph116768  |2 czenas 
655 7 |a metodické příručky  |7 fd132826  |2 czenas 
830 0 |a Mechanizace (modrá ř.) 
910 |a BOA001  |b X-1020.392 
990 |a BK 
996 7 |b 2610036264  |c X-1020.392  |l MZK  |r Sklad / do 24 hodin  |n 7  |p p.v.  |w 000068117  |u 000010  |a 1  |e BOA001  |j MZK50  |s A